Código tributario
Saved in:
| Format: | Bog |
|---|---|
| Sprog: | spansk |
| Udgivet: |
Santiago
Jurídica
1964
|
| Fag: | |
| Tags: |
Tilføj Tag
Ingen Tags, Vær først til at tagge denne postø!
|
MARC
| LEADER | 00000nam a2200000 a 4500 | ||
|---|---|---|---|
| 001 | UCT2900 | ||
| 003 | CL-VaPUC | ||
| 008 | 961018e19640000CL |||||||||||||||||spa|d | ||
| 082 | 0 | 4 | |a 343.8304 |b COD |2 21 |
| 245 | 1 | 0 | |a Código tributario |
| 300 | |a 69 p | ||
| 942 | |c BK | ||
| 945 | |d 19961018 00:00:00 |a nastorga | ||
| 260 | |a Santiago |b Jurídica |c 1964 | ||
| 650 | 0 | |a Código tributario |9 350428 | |
| 650 | 0 | |a Derecho tributario |9 258895 | |
| 650 | 0 | |a Administración |9 259325 | |
| 650 | 0 | |a Fiscalización |9 257403 | |
| 650 | 7 | |a PAGO |2 CL-VaPUC |9 369429 | |
| 650 | 0 | |a Contabilidad |9 261430 | |
| 650 | 7 | |a GIROS |2 CL-VaPUC |9 371890 | |
| 650 | 7 | |a INTERESES |2 CL-VaPUC |9 358017 | |
| 650 | 7 | |a SANCIONES |2 CL-VaPUC |9 371891 | |
| 650 | 0 | |a Tribunales |9 254872 | |
| 583 | |a last modification |c 19961018 00:00:00 |k Rodrigo Vera | ||
| 999 | |c 252790 |d 252788 | ||
| 952 | |0 0 |1 0 |2 ddc |4 0 |5 1 |6 343_830400000000000_COD_1964 |7 1 |8 C_LRYV |9 272883 |a FDOBRV |b BIBDER |d 2019-11-19 |i 3241890 |o 343.8304 COD 1964 |p 3241890 |r 2023-01-25 |w 2019-11-19 |y BK_X |k BRV | ||